SWATANTRYA SAINIKANCHYA AATHWANI (MARATHI) (Record no. 130707)

MARC details
000 -LEADER
fixed length control field 00289pam a2200121 a 4500
020 ## - INTERNATIONAL STANDARD BOOK NUMBER
Terms of availability
041 ## - LANGUAGE CODE
Language code of original
082 ## - DEWEY DECIMAL CLASSIFICATION NUMBER
Classification number 658
Item number SAL
100 ## - MAIN ENTRY--PERSONAL NAME
Personal name SALUNKHE M. B.,
245 ## - TITLE STATEMENT
Title SWATANTRYA SAINIKANCHYA AATHWANI (MARATHI)
Medium Textual Documents
260 ## - PUBLICATION, DISTRIBUTION, ETC.
Place of publication, distribution, etc. PUNE
Name of publisher, distributor, etc. SAHKAR DIARY
Date of publication, distribution, etc. 1983
930 ## - EQUIVALENCE OR CROSS-REFERENCE-UNIFORM TITLE HEADING [LOCAL, CANADA]
Uniform title 11263
Holdings
Withdrawn status Lost status Damaged status Not for loan Collection Home library Current library Date acquired Total Checkouts Full call number Barcode Date last seen Copy number Price effective from Koha item type
          Institute of Management & Entrepreneurship Development, Pune Institute of Management & Entrepreneurship Development, Pune 19/04/2011   658 SAL IMP-IM-9564 01/03/2023 1 01/03/2023 Book